| 000 | 02974cam0 2200409 ib4500 | ||
|---|---|---|---|
| 001 | BY-MI0013-br4503143 | ||
| 005 | 20260115092838.0 | ||
| 010 | ^bв переплете | ||
| 035 | ^a(BY-MI0013)BY-MI0013-br4503143 | ||
| 100 | ^a20260114g19561958a y0rusy50 ca | ||
| 101 | 1 |
^arus ^ceng |
|
| 102 | ^aRU | ||
| 105 | ^aacb z 000ay | ||
| 109 | ^ama | ||
| 200 | 1 |
^aОцеола, вождь семинолов ^aМорской волчонок ^fперевод с английского Б. Б. Томашевского, Л. Рубинштейна ^gредакторы А. И. Миронова, Н. Дехтерева |
|
| 210 | ^d1956 | ||
| 215 |
^a660, [3] с. ^cил. ^d21 см |
||
| 345 | ^9300 000 экз. | ||
| 461 | 1 |
^12001 ^aСобрание сочинений ^eв 6-ти т. ^fМайн Рид ^gпод общей редакцией Р. М. Самарина ^vТ. 2 ^1010 ^bв переплете ^1210 ^aМосква ^cГосударственное издательство детской литературы Министерства просвещения РСФСР ^d1956—1958 ^1215 ^d21 см |
|
| 606 |
^aРОМАНЫ ^3BY-NLB-ar2652541 ^2DVNLB |
||
| 608 |
^aДЕТСКАЯ И ЮНОШЕСКАЯ ЛИТЕРАТУРА (художеств. произведение) ^3BY-NLB-ar9019 ^2BYGNR |
||
| 608 |
^aПРИКЛЮЧЕНЧЕСКАЯ ПРОЗА (лит. произведение) ^3BY-NLB-ar25522 ^2BYGNR |
||
| 686 |
^a84(4Вел) ^2rubbk |
||
| 690 |
^a1 ^2Base ^9BY-MI0013 ^xRSEK |
||
| 700 | 1 |
^aРид ^bТ. М. ^gТомас Майн ^cписатель ^f1818—1883 ^3BY-NLB-ar2487898 |
|
| 702 | 1 |
^aМиронова ^bА. Н. ^4340 |
|
| 702 | 1 |
^aДехтерева ^bН. А. ^gНина Александровна ^cпереводчик ^f1906—1994 ^3BY-SEK-ar9032765 ^4340 |
|
| 702 | 1 |
^aРубинштейн ^bЛ. ^3BY-SEK-237295 ^4730 |
|
| 702 | 1 |
^aТомашевский ^bБ. Б. ^gБорис Борисович ^cпереводчик ^cпоэт ^f1909—1974 ^3BY-SEK-ar4037863 ^4730 |
|
| 702 | 1 |
^aСамарин ^bР. М. ^gРоман Михайлович ^cдоктор филологических наук ^f1911—1974 ^3BY-SEK-1499087 ^4340 |
|
| 801 | 0 |
^aBY ^bBY-MI0013 ^c20260114 ^gRCR |
|
| 899 | 0 |
^aBY-MI0013 ^iР49 ^h84(4Вел) |
|